[Event "ROU-chT Men Superliga 2018"]
[Site "Sovata"]
[Date "2018.11.24"]
[Round "1.28"]
[White "Marin, Mihail"]
[Black "Ardelean, George-Catalin"]
[Result "1-0"]
[WhiteElo "2555"]
[BlackElo "2494"]
[Annotator "TA"]
[PlyCount "105"]
[EventDate "2018.11.24"]
[EventType "team-tourn"]
[EventCountry "ROU"]
[SourceTitle "playchess.com"]
[Source "ChessBase"]
[SourceQuality "1"]

{[%evp 9,105,0,51,24,34,50,62,0,11,-18,-17,-22,-32,-32,-24,-54,-24,-35,-10,-18,-18,-19,-19,-22,-18,-14,-12,-12,-30,-18,-14,-25,-10,0,0,0,0,0,36,32,15,27,60,47,47,47,47,47,50,50,49,40,40,40,40,21,40,23,25,14,38,38,116,110,128,104,80,83,100,22,90,44,425,420,955,973,895,912,1102,1135,778,647,640,621,541,4133,1404,939,5181,4129,29966,29968,29967,29969,29958,29961,29967,10803]} 1. c4 e6 2. g3 d5 3. Bg2 a6 (3... dxc4 4. Qa4+ Qd7 5. Qxc4 c5 6. Qc2 Nc6 7. Nf3 Nf6 8. O-O Be7 9. d3 O-O 10. Be3 Qc7 11. Nc3 Bd7 12. Rac1 {½-½ (37) Nakamura,H (2763)-Nabaty,T (2692) Batumi 2018}) 4. Nf3 dxc4 5. O-O b5 ({Black should try} 5... Nf6 $11) 6. d3 {A13: English Opening: 1...e6} cxd3 7. Ne5 Ra7 8. a4 $146 (8. Be3 $14 c5 9. a4 (9. Qxd3 Qc7 $14) (9. Nxd3 Nd7 $14) (9. exd3 Qc7 $11)) ({Predecessor:} 8. Be3 c5 9. a4 b4 10. Nxd3 Nd7 11. a5 Bb7 12. Qa4 Bxg2 13. Kxg2 {½-½ (34) Diermair,A (2463)-Buhmann,R (2583) Vienna 2015}) 8... Bb7 $1 $11 9. Bxb7 Rxb7 10. axb5 axb5 11. Ra8 Nf6 12. Be3 c5 13. Nc3 Bd6 14. Nxd3 Qc7 15. Nxb5 $1 {[%mdl 64] Remove Defender} Rxb5 16. Qa4 Qd7 {And now ...0-0 would win.} 17. Bxc5 $1 Rxc5 18. Nxc5 Qxa4 19. Nxa4 Ke7 20. Rc1 Nfd7 21. Ra7 Rd8 22. Rb7 Na6 23. Rc6 Rb8 24. Rxd7+ $1 Kxd7 25. Rxa6 $14 {[%mdl 4096] Endgame KRB-KRN} Be5 26. Nc5+ Ke7 27. Ra7+ Ke8 $1 28. Nd7 Rb5 29. Nxe5 Rxe5 {KR-KR} 30. Kf1 Rb5 31. Ra2 g5 32. h3 h5 33. Ke1 Ke7 34. Kd2 Kf6 35. Kc2 Re5 (35... Rf5 $14) 36. b4 $1 $16 Rxe2+ 37. Kb3 Re1 38. b5 {b6 is the strong threat.} Ke5 39. Rd2 (39. Ka4 $16) 39... Rb1+ $11 40. Kc4 Ke4 $2 {[%mdl 8192] [#]} (40... h4 $14) 41. Rd3 $1 $18 {[%cal Rd3c3]} h4 (41... Ke5 $142 42. Kc5 Rc1+ 43. Kb6 Rb1) 42. Re3+ Kf5 43. gxh4 gxh4 44. Rb3 Rc1+ 45. Kd4 e5+ 46. Kd5 Rd1+ 47. Kc6 Ke6 48. Rc3 Rd2 49. f3 Kf5 50. b6 {White mates.} Kf4 51. b7 Rb2 {[#]} 52. Rc5 $1 {[%cal Rc5b5]} Rxb7 53. Kxb7 {Accuracy: White = 61%, Black = 48%.} 1-0

[Event "ROU-chT Men Superliga 2018"]
[Site "Sovata"]
[Date "2018.11.24"]
[Round "1.29"]
[White "Vasiesiu, Dan"]
[Black "Manolache, Marius"]
[Result "1/2-1/2"]
[WhiteElo "2394"]
[BlackElo "2518"]
[Annotator "TA"]
[PlyCount "152"]
[EventDate "2018.11.24"]
[EventType "team-tourn"]
[EventCountry "ROU"]
[SourceTitle "playchess.com"]
[Source "ChessBase"]
[SourceQuality "1"]

{[%evp 20,152,12,-1,28,30,58,56,58,60,66,35,66,-36,-39,-40,-29,-22,-16,-34,-29,-26,-18,-16,-40,-40,-41,-28,-11,-11,-12,-16,-13,-13,0,-16,-16,-15,-15,-18,-18,-18,-18,-51,-22,-22,-22,-22,-22,-29,-22,-22,-22,-22,-22,-22,-21,-21,-9,-22,-21,-29,-29,-29,-29,-51,-45,-43,-29,-29,-29,-64,-64,-64,-64,-66,-65,-68,-68,-68,-68,-68,-17,-17,-17,-17,-17,-17,-17,-17,-8,-17,-17,-17,-12,-12,-12,-12,-12,-14,-14,-66,-66,-66,-66,-66,-66,-66,-1,-1,-1,-1,-1,-1,-1,-1,-1,-1,0,0,0,-37,-37,-37,-37,-37,-37,-37,0,0,0,0,0,0,0]} 1. e4 c5 2. Nf3 Nc6 3. d4 cxd4 4. Nxd4 e6 5. Nc3 Qc7 6. f4 a6 7. Nxc6 bxc6 8. Bd3 d5 9. O-O Nf6 10. Qe2 Be7 {B46: Sicilian: Taimanov: 5 Nc3 a6} 11. Bd2 {LiveBook: 34 Games} c5 {[#] Strongly threatening ...c4.} (11... O-O 12. Rae1 Re8 13. Kh1 Bf8 14. e5 Nd7 15. Na4 g6 16. c4 Nc5 17. Nxc5 Bxc5 18. Rc1 {1-0 (44) Sutovsky,E (2673)-Pichot,A (2552) Caleta 2018}) 12. b3 {[%cal Bb2b3,Bb3c4][%mdl 32]} c4 $146 {White has an edge.} ({Predecessor:} 12... Bb7 13. exd5 exd5 14. Rae1 c4 15. bxc4 dxc4 16. Bxc4 O-O-O 17. Qxe7 Qxc4 18. Re5 {1-0 (32) Kosten,A (2510)-Akesson,R (2430) London 1988}) 13. bxc4 dxe4 14. Nxe4 Bb7 15. Rab1 O-O 16. Bc3 (16. Nxf6+ $14 Bxf6 17. Be3) 16... Bxe4 17. Bxe4 Nxe4 18. Qxe4 Rac8 19. Rb7 ({Wrong is} 19. Qd4 $2 Bc5 $19) 19... Qxc4 20. Qxc4 Rxc4 21. Rxe7 Rxc3 $15 {[%mdl 4096] Endgame KRR-KRR} 22. Rf2 h5 23. Ra7 Ra3 24. c4 Rc3 25. Rxa6 Rc1+ 26. Rf1 Rxc4 27. g3 Rd8 28. Rf2 h4 29. Kg2 hxg3 30. hxg3 Rd3 31. Kh3 g6 32. Ra7 Rcc3 33. Rg2 Kg7 34. Rg1 Re3 35. Rg2 Rf3 {Black wants to play ...Rxf4.} 36. Kg4 Rf1 37. Rb7 Rh1 38. Rf2 Rh5 39. Re2 Ra5 40. Kh3 Raa3 41. Rg2 Rf3 {aiming for ...Rxf4.} 42. Kh2 Kf6 43. Rb5 Rf1 44. Rgb2 Ra1 45. Kg2 R1xa2 46. Rxa2 Rxa2+ {KR-KR} 47. Kf3 Ra3+ 48. Kg4 Rd3 49. Ra5 Rd5 50. Ra7 g5 ({Black should play} 50... Rb5 $15) 51. Ra8 $1 $11 Rd4 52. Ra5 gxf4 53. gxf4 Rd1 54. Rb5 Ke7 55. Rb7+ Rd7 56. Rb6 f6 57. Ra6 Kf7 58. Rb6 Rd3 59. Rb7+ Kg6 {[#]} 60. f5+ $1 {[%mdl 512]} exf5+ $15 61. Kf4 Rd1 62. Rb8 Rf1+ 63. Ke3 f4+ (63... Re1+ $15 64. Kf2 Rd1) 64. Ke4 $11 f3 65. Kf4 f2 {( -> ...Rd1)} 66. Kf3 Kg5 67. Kg2 Ra1 (67... Rc1 {is more complex.} 68. Kxf2 Rc2+ 69. Kf3 Rc3+ 70. Kf2 Kf5) 68. Kxf2 f5 {[%cal Bf6f5,Bf5f4][%mdl 32]} 69. Rb3 Ra2+ 70. Kg1 Kg4 71. Rc3 f4 72. Rb3 Re2 73. Kf1 Re3 74. Rxe3 {The position is equal.} fxe3 75. Ke2 Kf5 (75... Kf4 $5) 76. Kxe3 Ke5 {Precision: White = 64%, Black = 56%.} 1/2-1/2

[Event "ROU-chT Men Superliga 2018"]
[Site "Sovata"]
[Date "2018.11.24"]
[Round "1.30"]
[White "Toma, Radu-Cristian"]
[Black "Vasiesiu, Victor"]
[Result "1-0"]
[WhiteElo "2354"]
[BlackElo "2270"]
[Annotator "NA"]
[PlyCount "87"]
[EventDate "2018.11.24"]
[EventType "team-tourn"]
[EventCountry "ROU"]
[SourceTitle "playchess.com"]
[Source "ChessBase"]
[SourceQuality "1"]
[TimeControl "40/5400+30:1800+30"]

1. Nf3 {[%emt 0:00:00]} f5 {[%emt 0:00:00]} 2. c4 {[%emt 0:00:00]} Nf6 {[%emt 0:00:00]} 3. Nc3 {[%emt 0:00:24]} g6 {[%emt 0:00:28]} 4. d4 {[%emt 0:00:21]} Bg7 {[%emt 0:00:10]} 5. Bf4 {[%emt 0:00:10]} O-O {[%emt 0:01:41]} 6. e3 {[%emt 0:00:16]} d6 {[%emt 0:00:58]} 7. c5 {[%emt 0:00:12]} Qe8 {[%emt 0:07:15]} 8. Bc4+ {[%emt 0:10:26]} Kh8 {[%emt 0:00:38]} 9. h4 {[%emt 0:07:17]} Na6 {[%emt 0:24:11]} 10. Qe2 {[%emt 0:11:29]} Nh5 {[%emt 0:02:39]} 11. Bh2 {[%emt 0:11:35]} e5 {[%emt 0:01:32]} 12. cxd6 {[%emt 0:06:20]} cxd6 {[%emt 0:00:31]} 13. Bb5 {[%emt 0:04:46]} Qe7 {[%emt 0:05:54]} 14. O-O {[%emt 0:07:24]} Nc7 {[%emt 0:03:48]} 15. Ba4 {[%emt 0:02:38]} f4 {[%emt 0:13:20]} 16. dxe5 {[%emt 0:05:59]} dxe5 {[%emt 0:00:12]} 17. exf4 {[%emt 0:05:42]} Bg4 {[%emt 0:00:05]} 18. Rfe1 {[%emt 0:01:15]} Nxf4 {[%emt 0:02:20]} 19. Bxf4 {[%emt 0:00:32]} Rxf4 {[%emt 0:00:12]} 20. Qe3 {[%emt 0:00:19]} Rxf3 {[%emt 0:14:38]} 21. gxf3 {[%emt 0:00:08]} Bh5 {[%emt 0:00:08]} 22. f4 {[%emt 0:03:01]} Rf8 {[%emt 0:03:06]} 23. Bd1 {[%emt 0:01:24]} Qxh4 {[%emt 0:01:59]} 24. fxe5 {[%emt 0:00:43]} Rf5 {[%emt 0:04:17]} 25. Bxh5 {[%emt 0:04:48]} Rxh5 {[%emt 0:02:51]} 26. Kf1 {[%emt 0:07:03]} Ne6 {[%emt 0:00:51]} 27. Qf3 {[%emt 0:06:44]} Nf4 {[%emt 0:01:02]} 28. Ne2 {[%emt 0:00:35]} Nxe2 {[%emt 0:02:46]} 29. Kxe2 {[%emt 0:00:40]} Qc4+ {[%emt 0:00:17]} 30. Kd1 {[%emt 0:00:33]} Rh4 {[%emt 0:01:32]} 31. Re2 {[%emt 0:00:33]} Rf4 {[%emt 0:02:41]} 32. Qb3 {[%emt 0:01:37]} Qc6 {[%emt 0:01:24]} 33. Qh3 {[%emt 0:00:56]} g5 {[%emt 0:02:25]} 34. Rd2 {[%emt 0:00:26]} Bxe5 {[%emt 0:00:31]} 35. Rc1 {[%emt 0:00:32]} Qf3+ {[%emt 0:00:18]} 36. Qxf3 {[%emt 0:00:05]} Rxf3 {[%emt 0:00:03]} 37. Rd7 {[%emt 0:00:33]} Rf8 {[%emt 0:01:03]} 38. Rxb7 {[%emt 0:00:55]} Bd4 {[%emt 0:00:11]} 39. f3 {[%emt 0:00:26]} Bb6 {[%emt 0:00:55]} 40. Rc6 {[%emt 0:00:00]} Kg8 {[%emt 0:00:00]} 41. Ke2 {[%emt 0:01:42]} Rf7 {[%emt 0:05:16]} 42. Rxf7 {[%emt 0:00:52]} Kxf7 {[%emt 0:00:05]} 43. Kd3 {[%emt 0:00:23]} h5 {[%emt 0:00:13]} 44. Ke4 {[%emt 0:00:26]} 1-0

[Event "ROU-chT Men Superliga 2018"]
[Site "Sovata"]
[Date "2018.11.25"]
[Round "2"]
[White "Baklan, Vladimir"]
[Black "David, Alexandru-Vasile"]
[Result "0-1"]
[WhiteElo "2605"]
[BlackElo "2426"]
[Annotator "TA"]
[PlyCount "96"]
[EventDate "2018.11.24"]
[EventType "team-tourn"]
[EventCountry "ROU"]
[SourceTitle "playchess.com"]
[Source "ChessBase"]
[SourceQuality "1"]

{[%evp 25,96,4,35,34,17,29,34,10,34,18,20,24,25,26,38,7,11,0,50,20,0,-39,-37,-45,0,0,0,0,0,0,0,0,0,0,0,-173,-162,-162,-10,-173,-174,-173,-173,-173,-154,-152,-143,-135,-137,-483,-483,-483,-483,-469,-432,-528,-521,-521,-521,-593,-495,-595,-588,-581,-570,-29971,-29973,-29971,-29976,-29975,-29976,-5970,-5970]} 1. e4 c5 2. Nf3 Nc6 3. d4 cxd4 4. Nxd4 Nf6 5. Nc3 d6 6. Bg5 e6 7. Qd2 a6 8. O-O-O Bd7 9. f4 Be7 10. Nf3 b5 11. Bxf6 gxf6 12. Kb1 Qb6 {B69: Sicilian: Richter-Rauzer: 7...a6 8 0-0-0 Bd7 9 f4 Be7 10 Nf3 b5 11 Bxf6} 13. g3 O-O-O {LiveBook: 10 Games} (13... b4 14. Ne2 a5 15. f5 e5 16. Nc1 Rc8 17. Qd5 Na7 18. Nd2 Bc6 19. Qd3 a4 20. Nc4 {0-1 (32) Wei,Y (2742)-Stocek,J (2574) Batumi 2018}) 14. Bg2 Kb8 {White is slightly better.} 15. Ne2 $146 ({Predecessor:} 15. Rhe1 Na5 16. b3 Rc8 17. Ne2 Rc7 18. f5 e5 19. Nc3 Bc6 20. Qe3 Qb7 {½-½ (32) Idani,P (2480)-Eliseev,U (2550) Kocaeli 2013}) 15... Na5 16. b3 Nb7 17. Nfd4 Rc8 18. c3 Rhd8 19. Nc2 Rc7 20. f5 Rdc8 21. Rhf1 Bf8 22. b4 a5 23. a3 Qa6 24. fxe6 Bxe6 25. Ncd4 axb4 26. axb4 Bh6 27. Qb2 Bc4 28. Rf5 Nc5 29. bxc5 dxc5 30. e5 $2 (30. Bf1 $11) 30... cxd4 $19 31. Rxf6 Be6 $2 (31... Qa4 $19 32. Rxd4 Be3) 32. Nxd4 $2 (32. Rxd4 $11 {and White is okay.} Bg5 33. Rd6) 32... Rxc3 {[#] ( -> ...Rc1+)} 33. Rxh6 Qa4 34. Qxb5+ Qxb5+ 35. Nxb5 Rb3+ $40 {[%mdl 128] Black goes for the king.} 36. Ka1 Rxb5 37. Rb1 $2 {[%mdl 8192]} (37. Bf1 $17 {is a better chance.} Ra5+ 38. Kb2) 37... Rxb1+ 38. Kxb1 {[%mdl 4096] Endgame KRB-KRB} Bf5+ 39. Kb2 Rc2+ {[%mdl 64] [#] Double Attack} 40. Kb3 Rxg2 {KRB-KR} 41. Kc4 Kc7 42. Kd4 Kd7 43. Ke3 Bg6 44. Kf3 Rb2 45. h4 Ke6 46. h5 Rh2 47. g4 Kxe5 48. Kg3 Rh1 {Accuracy: White = 35%, Black = 69%.} 0-1

[Event "ROU-chT Men Superliga 2018"]
[Site "Sovata"]
[Date "2018.11.25"]
[Round "2"]
[White "Erdos, Viktor"]
[Black "Shevchenko, Kirill"]
[Result "1/2-1/2"]
[WhiteElo "2604"]
[BlackElo "2549"]
[Annotator "TA"]
[PlyCount "67"]
[EventDate "2018.11.24"]
[EventType "team-tourn"]
[EventCountry "ROU"]
[SourceTitle "playchess.com"]
[Source "ChessBase"]
[SourceQuality "1"]

{[%evp 22,67,64,45,37,39,63,44,56,41,48,47,54,29,33,31,38,30,27,13,23,21,50,32,50,41,31,44,269,262,237,14,21,0,54,24,18,22,45,44,32,34,34,29,39,0,0,0]} 1. c4 Nf6 2. g3 g6 3. Bg2 Bg7 4. Nc3 O-O 5. d4 d6 6. Nf3 Nc6 7. O-O Rb8 8. b3 a6 9. d5 Na5 {E63: King's Indian: Fianchetto: Panno Variation with 7...a6} 10. Bg5 (10. Bd2 c5 11. dxc6 Nxc6 12. Qc1 Bd7 13. Bh6 b5 14. Bxg7 Kxg7 15. cxb5 axb5 16. Qb2 Kg8 17. b4 Qb6 18. Rfd1 Rfc8 {½-½ (77) Inarkiev,E (2689)-Zhao,J (2604) Riadh 2017}) 10... c5 11. dxc6 bxc6 12. c5 {LiveBook: 5 Games} dxc5 13. Rc1 Qxd1 14. Rfxd1 ({Don't play} 14. Rcxd1 c4 $15) 14... c4 15. Bf4 Rb7 16. b4 Rxb4 17. Bc7 $1 {[%cal Rc7a5]} Nb7 $146 18. Ne5 Nd5 19. Nxd5 cxd5 20. Bxd5 {Nc6 is the strong threat.} Bxe5 21. Bxe5 Be6 22. Bxe6 fxe6 23. Rd7 Kf7 24. Rc7 {[%mdl 1024] White has compensation.} Na5 $2 ({Black should play} 24... Rd8 $14) 25. Bc3 $18 Ra4 {[#]} 26. Rc2 $2 (26. Rd1 $1 $18) 26... Rd8 27. Kg2 Rd1 (27... Rd5 $11) 28. Bxa5 Rxa5 29. R7xc4 $14 {KRR-KRR} Ra1 30. Rf4+ Ke8 31. Rc8+ Kd7 32. Rh8 R1xa2 33. e4 h5 34. h4 {Accuracy: White = 62%, Black = 44%.} 1/2-1/2

[Event "ROU-chT Men Superliga 2018"]
[Site "Sovata"]
[Date "2018.11.25"]
[Round "2"]
[White "Deac, Bogdan-Daniel"]
[Black "Gheorghiu, Calin"]
[Result "1-0"]
[WhiteElo "2598"]
[BlackElo "2278"]
[Annotator "TA"]
[PlyCount "73"]
[EventDate "2018.11.24"]
[EventType "team-tourn"]
[EventCountry "ROU"]
[SourceTitle "playchess.com"]
[Source "ChessBase"]
[SourceQuality "1"]

{[%evp 20,73,16,14,16,13,54,50,52,54,51,56,56,53,61,53,65,54,44,52,58,58,53,45,66,61,89,87,119,118,113,107,111,93,257,247,262,252,250,251,262,239,295,245,225,230,185,167,577,575,605,586,572,532,414,296]} 1. c4 e6 2. Nf3 Nf6 3. g3 d5 4. Bg2 Be7 5. d4 O-O 6. Nc3 dxc4 7. Ne5 c5 8. dxc5 Qxd1+ 9. Nxd1 {E06: Closed Catalan: Early deviations} Nbd7 10. Nxc4 Nxc5 11. Nc3 {LiveBook: 6 Games. The position is equal.} Rd8 12. Be3 $146 ({Predecessor:} 12. O-O Nd5 13. Bd2 b6 14. b4 Na6 15. a3 Bb7 16. Nb5 Bc6 17. Nd4 Be8 18. Rac1 Bf6 19. Nf3 Rac8 20. Rfe1 Bb5 21. Nfe5 {½-½ (21) Horvath,J (2526)-Gharamian,T (2676) Belgium 2012}) 12... Nd5 13. Bxc5 Bxc5 14. O-O-O Re8 15. Nxd5 exd5 16. Rxd5 Bxf2 {[#] Threatens to win with ...Be6.} 17. Rf1 Bb6 $1 18. Nxb6 axb6 19. a3 g6 20. Rd2 Ra5 21. Rf4 Rae5 22. Kd1 h5 23. Bd5 R5e7 24. Rb4 Bg4 {[%cal Rg4e2]} 25. Rxb6 Bxe2+ 26. Kc2 Kg7 $2 {[#]} (26... Rc8+ $16 27. Kb1 Bc4 28. Bxb7 Rb8) 27. Rxb7 $18 Rxb7 28. Bxb7 {[%mdl 4096] Endgame KRB-KRB} g5 29. a4 f5 30. Rd4 Rb8 31. Bg2 Kf6 32. b4 {[%cal Bb2b4,Bb4b5][%mdl 32]} Ke5 33. Rd2 Bc4 $2 (33... Rxb4 {is more resistant.} 34. Rxe2+ Kf6) 34. b5 f4 35. gxf4+ gxf4 36. Kc3 Be6 37. Bc6 {Accuracy: White = 89%, Black = 51%.} 1-0

[Event "ROU-chT Men Superliga 2018"]
[Site "Sovata"]
[Date "2018.11.25"]
[Round "2"]
[White "Iordachescu, Viorel"]
[Black "Pop, Alexandru"]
[Result "1-0"]
[WhiteElo "2597"]
[BlackElo "2274"]
[Annotator "ChessBase"]
[PlyCount "63"]
[EventDate "2018.11.24"]
[EventType "team-tourn"]
[EventCountry "ROU"]
[SourceTitle "playchess.com"]
[Source "ChessBase"]
[SourceQuality "1"]
[TimeControl "40/5400+30:1800+30"]

1. e4 {[%emt 0:00:00]} e6 {[%emt 0:00:00]} 2. d4 {[%emt 0:00:04]} d5 {[%emt 0:00:00]} 3. Nd2 {[%emt 0:00:38]} Nf6 {[%emt 0:00:31]} 4. e5 {[%emt 0:00:31]} Nfd7 {[%emt 0:00:07]} 5. Bd3 {[%emt 0:00:09]} c5 {[%emt 0:00:11]} 6. c3 {[%emt 0:00:08]} b6 {[%emt 0:00:09]} 7. Nh3 {[%emt 0:04:47]} Ba6 {[%emt 0:00:50]} 8. Bxa6 {[%emt 0:01:39]} Nxa6 {[%emt 0:00:06]} 9. O-O {[%emt 0:00:30]} Be7 {[%emt 0:04:07]} 10. Qg4 {[%emt 0:01:18]} g6 {[%emt 0:03:12]} 11. Nf3 {[%emt 0:01:09]} h6 {[%emt 0:02:39]} 12. Bd2 {[%emt 0:05:17]} Qc7 {[%emt 0:08:07]} 13. Nf4 {[%emt 0:06:23]} Nf8 {[%emt 0:00:30]} 14. c4 {[%emt 0:04:49]} dxc4 {[%emt 0:05:31]} 15. d5 {[%emt 0:01:08]} exd5 {[%emt 0:01:42]} 16. Nxd5 {[%emt 0:00:23]} Qd7 {[%emt 0:01:12]} 17. Qxc4 {[%emt 0:00:43]} Nc7 {[%emt 0:01:37]} 18. Nxe7 Qxe7 {[%emt 0:01:57]} 19. b4 {[%emt 0:08:43]} Nfe6 {[%emt 0:04:40]} 20. bxc5 Qxc5 {[%emt 0:00:27]} 21. Qa4+ {[%emt 0:02:58]} Qb5 {[%emt 0:01:30]} 22. Qh4 {[%emt 0:00:30]} Rd8 {[%emt 0:09:35]} 23. Rac1 {[%emt 0:03:18]} Nd5 {[%emt 0:03:12]} 24. Rfd1 {[%emt 0:01:16]} Qa6 {[%emt 0:26:39]} 25. Ng5 {[%emt 0:06:31]} Nc5 {[%emt 0:09:01]} 26. Ne4 {[%emt 0:13:21]} Nxe4 {[%emt 0:00:20]} 27. Qxe4 {[%emt 0:00:09]} Qb7 {[%emt 0:05:00]} 28. Bb4 {[%emt 0:03:27]} Qa8 {[%emt 0:01:56]} 29. Bd6 {[%emt 0:01:02]} Ne7 {[%emt 0:00:11]} 30. Qa4+ {[%emt 0:01:39]} Kf8 {[%emt 0:00:06]} 31. Rc7 {[%emt 0:01:44]} Re8 {[%emt 0:00:15]} 32. Qe4 1-0

[Event "ROU-chT Men Superliga 2018"]
[Site "Sovata"]
[Date "2018.11.25"]
[Round "2"]
[White "Istratescu, Andrei"]
[Black "Manea, Alexandru"]
[Result "1-0"]
[WhiteElo "2565"]
[BlackElo "2347"]
[Annotator "TA"]
[PlyCount "81"]
[EventDate "2018.11.24"]
[EventType "team-tourn"]
[EventCountry "ROU"]
[SourceTitle "playchess.com"]
[Source "ChessBase"]
[SourceQuality "1"]

{[%evp 12,81,34,30,19,22,35,20,24,19,6,13,12,4,47,79,60,75,45,72,88,96,104,68,66,59,60,48,60,66,64,64,57,48,75,63,108,96,190,181,536,2,77,14,58,65,105,105,129,129,145,126,124,133,198,241,218,203,318,156,130,-17,402,402,402,372,516,500,548,554,546,541]} 1. d4 d5 2. c4 c6 3. Nf3 Nf6 4. Nc3 dxc4 5. a4 e6 6. e3 {[%cal Be2e3,Be3e4,Be4e5][%mdl 32]} c5 7. Bxc4 Nc6 {D16: Slav Defence: 5 a4: Lines with 5...Bg4 and 5...Na6} 8. O-O cxd4 9. Nxd4 Bd7 {The position is equal.} 10. e4 Nxd4 11. Qxd4 {aiming for e5.} Bc6 12. Qe3 Be7 13. e5 $36 {[%mdl 2048] White is in control.} Nd7 14. Qg3 g6 {[#]} 15. Bh6 $146 ({Predecessor:} 15. Rd1) 15... Bf8 16. Bxf8 Kxf8 17. Bb5 Kg7 18. Rad1 Qe7 19. Bxc6 bxc6 20. Rd6 Rhc8 21. Ne4 Rab8 22. Rfd1 Rxb2 23. h4 $1 {[%cal Bh2h4,Bh4h5,Bh5h6][%mdl 32]} ({Avoid the trap} 23. Rxd7 $2 Qxd7 24. Qf3 Qe7 $19) 23... Rc7 24. h5 $1 {[%mdl 1024] White has strong compensation.} Rb4 (24... Rb8 $16) 25. Qe3 $1 $18 Qh4 $2 (25... h6) 26. Ng3 $2 (26. Nf6 $1 $18 {[%cal Rf6e8]} Qf4 27. Qxf4 Rxf4 28. Ne8+ {[%mdl 64] Double Attack} Kh6 29. Nxc7 Nxe5 30. Re1) 26... Nf8 (26... Nb6 $1 $11 {remains equal.}) 27. Rd8 (27. R6d4 $1 $16 {[%cal Rd4h4]} Rxd4 28. Rxd4) 27... c5 28. h6+ $1 Kg8 29. Re8 {And now Rdd8 would win.} Rd4 (29... Rxa4 $2 30. Rdd8 $18) 30. Re1 $1 Rd8 31. Rxd8 Qxd8 32. Ne4 Nd7 (32... c4 $16) 33. Rd1 {Strongly threatening Nf6+!} Qe7 {[#]} 34. Qd2 $1 {[%cal Rd2d7]} Kf8 {[#]} (34... f5 {was called for.} 35. Qxd7 fxe4 36. Qxe7 Rxe7) 35. f4 (35. Rb1 $1 $18 {is the precise move to win.} c4 36. a5) 35... c4 $16 36. Qa5 ({Better is} 36. a5 $16) 36... Nc5 $2 {[%mdl 8192]} (36... Nb6 $1 $11) 37. Nf6 $18 Nd3 38. Rb1 {Threatening mate with Rb8+.} (38. Nxh7+ Kg8 $11) 38... Rc8 39. Qa6 {White is clearly winning.} ({Not} 39. Nxh7+ Kg8 $11) 39... Qc5+ 40. Kh2 {Intending Nd7+ and mate.} Rd8 {[#]} 41. Rb8 $1 {[%mdl 512] Accuracy: White = 58%, Black = 44%.} 1-0

[Event "ROU-chT Men Superliga 2018"]
[Site "Sovata"]
[Date "2018.11.25"]
[Round "2"]
[White "Jianu, Vlad-Cristian"]
[Black "Moldovan, Daniel"]
[Result "1-0"]
[WhiteElo "2546"]
[BlackElo "2406"]
[Annotator "TA"]
[PlyCount "107"]
[EventDate "2018.11.24"]
[EventType "team-tourn"]
[EventCountry "ROU"]
[SourceTitle "playchess.com"]
[Source "ChessBase"]
[SourceQuality "1"]

{[%evp 15,107,25,39,38,32,30,48,43,62,40,62,51,93,103,125,112,116,117,148,142,143,115,115,119,129,126,127,125,128,133,135,127,124,123,125,121,122,107,147,118,124,114,111,104,104,86,91,80,104,104,104,104,104,104,104,104,204,200,207,93,93,93,126,106,119,93,103,95,106,77,79,83,85,83,149,154,246,185,222,183,187,103,103,95,111,115,471,464,464,461,460,455,414,394]} 1. d4 d5 2. c4 e6 3. Nc3 a6 4. cxd5 exd5 5. Bf4 c6 (5... Nf6 6. e3 Bd6 7. Bg5 Be6 8. Bd3 Nbd7 9. f4 h6 10. Bh4 g5 11. fxg5 hxg5 12. Bxg5 Rxh2 13. Rxh2 Bxh2 {1-0 (69) Yu,Y (2762)-Fedoseev,V (2707) Danzhou 2018}) 6. e3 {D31: Queen's Gambit Declined: Semi-Slav without ...Nf6 (+ Marshall Gambit and Noteboom) and Exchange Variation lines without ...Nf6} Bd6 7. Bxd6 Qxd6 8. Bd3 Nf6 {LiveBook: 13 Games} 9. Nge2 Nbd7 10. Qc2 c5 $146 ({Predecessor:} 10... O-O 11. O-O Re8 12. Ng3 Nf8 {1-0 (49) Sakaev,K (2594)-Lugovskoy,M (2440) St Petersburg 2017}) 11. dxc5 Nxc5 12. O-O O-O 13. Rfd1 Bg4 {[#]} 14. Bc4 $1 {[%mdl 512]} Bxe2 (14... dxc4 15. Rxd6) 15. Qxe2 Rad8 16. Bxd5 Nxd5 17. Rxd5 Qc6 18. Rxd8 Rxd8 19. Rd1 Rxd1+ 20. Qxd1 {Qd8+ would kill now.} h6 21. h3 Ne6 22. Qd5 Qb6 23. Qd2 Qb4 24. a3 Qb3 25. Ne4 b5 26. Nd6 h5 27. Nf5 g6 28. Nd4 Qc4 29. Nxe6 Qxe6 $16 {[%mdl 4096] Endgame KQ-KQ} 30. Qd4 Qc6 31. Kh2 Qc7+ 32. g3 Qc2 33. Kg2 Qc6+ 34. e4 Qc2 35. Kf3 Qb3+ (35... Kh7 $16 {was necessary.} 36. h4 Kg8) 36. Kf4 $18 Qe6 {[#]} 37. g4 (37. Kg5 $1 $18) 37... hxg4 $16 38. hxg4 Qe7 39. e5 Qc7 40. b4 Qc1+ 41. Qe3 Qc7 42. f3 Qd8 43. Kg3 Qd1 44. Qc3 g5 {[#]} ({Better is} 44... Kh7) 45. Kf2 $1 Qd5 (45... Kf8 $16 {was worth a try.} 46. Ke3 Ke8) 46. Ke3 Qa2 47. Ke4 Qe6 48. Qd3 ({White should play} 48. Qc5 $18) 48... Qc6+ 49. Ke3 Kg7 50. Kf2 f6 $2 {[%mdl 8192]} (50... Qc8 $16 51. Qd2 f6 52. exf6+ Kxf6 53. Qd6+ Kf7) 51. Qf5 $18 Qb6+ 52. Ke2 {Strongly threatening Qd7+.} fxe5 53. Qxg5+ Kf7 54. Qf5+ {Accuracy: White = 62%, Black = 45%.} 1-0